<?xml version="1.0" encoding="UTF-8"?>
<collection xmlns="http://www.loc.gov/MARC21/slim">
 <record>
  <leader>00847nam a2200181 a 4500</leader>
  <controlfield tag="001">1/33795</controlfield>
  <controlfield tag="008">071107s1994    tk f     b    00010 eng d</controlfield>
  <datafield tag="035" ind1=" " ind2=" ">
   <subfield code="l">36226</subfield>
  </datafield>
  <datafield tag="040" ind1=" " ind2=" ">
   <subfield code="a">GR-PeUP</subfield>
  </datafield>
  <datafield tag="082" ind1="0" ind2="0">
   <subfield code="a">338.4 MAN</subfield>
  </datafield>
  <datafield tag="245" ind1="0" ind2="4">
   <subfield code="a">The management and marketing of agricultural enterprises :</subfield>
   <subfield code="b">proceedings, November 21-December 2,1994, Izmir Turkey /</subfield>
   <subfield code="c">prepared by International Centre for Advanced Mediterranean Agronomic Studies and The EGE University Faculty of Agriculture with the collaboration of Commission of the European Union.</subfield>
  </datafield>
  <datafield tag="260" ind1="0" ind2=" ">
   <subfield code="a">[χ.τ.]:</subfield>
   <subfield code="b">[χ.τ.],</subfield>
   <subfield code="c">1994.</subfield>
  </datafield>
  <datafield tag="300" ind1=" " ind2=" ">
   <subfield code="a">vi,179 σ. ;</subfield>
   <subfield code="c">25 εκ.</subfield>
  </datafield>
  <datafield tag="500" ind1=" " ind2=" ">
   <subfield code="a">Specialised course.</subfield>
  </datafield>
  <datafield tag="504" ind1=" " ind2=" ">
   <subfield code="a">Περιέχει βιβλιογραφία.</subfield>
  </datafield>
  <datafield tag="650" ind1=" " ind2="4">
   <subfield code="a">New agricultural enterprises.</subfield>
  </datafield>
  <datafield tag="650" ind1=" " ind2="4">
   <subfield code="a">Agricultural industries.</subfield>
  </datafield>
  <datafield tag="852" ind1=" " ind2=" ">
   <subfield code="a">INST</subfield>
   <subfield code="b">UNIPILB</subfield>
   <subfield code="c">MAIN</subfield>
   <subfield code="e">20071107</subfield>
   <subfield code="h">338.4 MAN</subfield>
   <subfield code="p">00154199</subfield>
   <subfield code="q">00154199</subfield>
   <subfield code="t">LOAN</subfield>
   <subfield code="y">0</subfield>
   <subfield code="4">1</subfield>
  </datafield>
 </record>
</collection>
